| 000 | 00343nam a2200145Ia 4500 | ||
|---|---|---|---|
| 008 | 191201s2006 xx 000 0 und d | ||
| 082 |
_a658.3 _bDOI |
||
| 100 | _aDOWLING, Peter | ||
| 245 | 0 | _aInternational Human Resource Management | |
| 250 | _a4th | ||
| 260 |
_aN.Delhi _bThomson _c2006 |
||
| 300 | _a333 | ||
| 650 | _aMBA | ||
| 942 |
_2ddc _cBK |
||
| 999 |
_c3091 _d3091 |
||